[Event "Open 13 2010/2011"]
[Site "Vitrolles"]
[Date "2011.01.29"]
[Round "5"]
[White "Blanc, Michel"]
[Black "Del Vecchio, Alain"]
[Result "0-1"]
[WhiteElo "1669"]
[BlackElo "1800"]
[PlyCount "108"]
[EventDate "2011.??.??"]

1. Nf3 d6 2. d4 f5 3. Bf4 Nf6 4. e3 g6 5. Be2 Bg7 6. O-O O-O 7. c4 Qe8 8. h3 a5
9. Nc3 Na6 10. a3 c6 11. Rc1 Nh5 12. Bh2 f4 13. e4 e5 14. Na4 h6 15. dxe5 dxe5
16. Nh4 Nf6 17. Qc2 Be6 18. Nf3 Nd7 19. Rfd1 g5 20. c5 Qe7 21. Nd2 Nc7 22. Nb3
Kh8 23. Bc4 f3 24. Bxe6 Nxe6 25. Rxd7 Qxd7 26. Nb6 Qf7 27. Nxa8 Rxa8 28. Qc3
Qf6 29. Qxf3 Qxf3 30. gxf3 a4 31. Nd2 Ra5 32. Rc3 Rxc5 33. Rxc5 Nxc5 34. Nc4
Nd3 35. Na5 Nxb2 36. Nxb7 Nc4 37. Nc5 Nxa3 38. Nxa4 Kg8 39. Kf1 Kf7 40. Ke2 Ke7
41. Kd3 Kd6 42. Nb2 Nb5 43. Nc4+ Ke6 44. Bg3 Nd4 45. Nd2 Kd6 46. h4 Kc5 47.
hxg5 hxg5 48. Nc4 Nxf3 49. Ke3 Kxc4 50. Kxf3 Kd3 51. Kg4 c5 52. Kf5 c4 53. Bxe5
Bxe5 54. Kxe5 c3 0-1

[Event "Open 13 2010/2011"]
[Site "Vitrolles"]
[Date "2011.01.29"]
[Round "5"]
[White "Solchaga, Jerome"]
[Black "Desmas, William"]
[Result "1/2-1/2"]
[WhiteElo "1785"]
[BlackElo "1716"]
[PlyCount "77"]
[EventDate "2011.??.??"]

1. e4 e5 2. Nf3 Nc6 3. Bc4 Nf6 4. Ng5 d5 5. exd5 Na5 6. Bb5+ c6 7. dxc6 bxc6 8.
Be2 h6 9. Nf3 e4 10. Ne5 Qd4 11. f4 Bc5 12. Rf1 Bd6 13. c3 Qd5 14. b4 Bxe5 15.
fxe5 Qxe5 16. bxa5 Qxh2 17. Qa4 O-O 18. Qxc6 Bg4 19. Rxf6 gxf6 20. Qxf6 Bxe2
21. Kxe2 Qxg2+ 22. Qf2 Qg4+ 23. Ke1 Rfe8 24. Ba3 e3 25. dxe3 Rad8 26. Nd2 Rd3
27. Bc5 Rxc3 28. Bxa7 Rec8 29. Qh2 Rc1+ 30. Rxc1 Rxc1+ 31. Kf2 Qb4 32. Qb8+
Qxb8 33. Bxb8 Rc2 34. Ke2 Rxa2 35. Bc7 h5 36. Kd3 h4 37. Nf3 h3 38. Ke4 Rc2 39.
Bd6 1/2-1/2

[Event "Open 13 2010/2011"]
[Site "Vitrolles"]
[Date "2011.01.29"]
[Round "5"]
[White "Baquer, Marc"]
[Black "Flores, Antonio"]
[Result "1-0"]
[WhiteElo "1814"]
[BlackElo "1740"]
[PlyCount "72"]
[EventDate "2011.??.??"]

1. d4 d5 2. Bg5 f6 3. Bf4 Nc6 4. e3 h5 5. Be2 g6 6. h3 Be6 7. Na3 a6 8. c4 Bf7
9. Qb3 Na5 10. Qa4+ c6 11. c5 Bh6 12. Bh2 Bg5 13. Nf3 Be6 14. Rc1 Bd7 15. b4
Nc4 16. Nxc4 dxc4 17. Nxg5 fxg5 18. Qc2 Rh6 19. Bxc4 e6 20. Be5 Nf6 21. O-O Qe7
22. Bd3 Qf7 23. a4 h4 24. Rb1 g4 25. Bf4 e5 26. Bxh6 e4 27. Bxe4 Nxe4 28. Qxe4+
Kd8 29. hxg4 h3 30. gxh3 Qh7 31. Bg5+ Kc8 32. Qe7 Qh8 33. e4 Kb8 34. Qxd7 Ka7
35. b5 Rc8 36. bxa6 Rc7 1-0

[Event "Open 13 2010/2011"]
[Site "Vitrolles"]
[Date "2011.01.29"]
[Round "5"]
[White "Corrias, Robert"]
[Black "Dudognon, Thibault"]
[Result "1-0"]
[WhiteElo "1760"]
[BlackElo "1687"]
[PlyCount "117"]
[EventDate "2011.??.??"]

1. Nf3 Nf6 2. d4 e6 3. Nc3 c5 4. e3 cxd4 5. exd4 d5 6. Bd3 Nc6 7. O-O Bd6 8.
Bg5 h6 9. Bh4 g5 10. Bg3 Bxg3 11. fxg3 Bd7 12. Nb5 a6 13. Nd6+ Ke7 14. Nxb7 Qb6
15. Nc5 Nxd4 16. Nxd4 Qxc5 17. c3 Ne8 18. Qf3 Rf8 19. Kh1 Kd8 20. Rae1 Qd6 21.
Qh5 e5 22. Nf5 Bxf5 23. Bxf5 Ng7 24. Qe2 Nxf5 25. Rxf5 f6 26. Qh5 Qe6 27. Qxh6
Ke7 28. Ref1 Rab8 29. R5f2 a5 30. Qh7+ Rf7 31. Qc2 e4 32. Rf5 Qc6 33. Qf2 a4
34. Rxg5 Rxb2 35. Re5+ fxe5 36. Qxf7+ Kd8 37. h3 Qd6 38. Qg7 e3 39. Rf7 Rb1+
40. Kh2 Kc8 41. Qh8+ Qd8 42. Qxe5 Rb7 43. Qf5+ Rd7 44. Rf8 e2 45. Rxd8+ Kxd8
46. Qb1 Re7 47. Qe1 a3 48. Kg1 Kd7 49. Kf2 Rf7+ 50. Ke3 Kd6 51. g4 Kc5 52. h4
Re7+ 53. Kd3 Kb5 54. g5 Ka4 55. g6 d4 56. cxd4 Rc7 57. Qxe2 Kb4 58. Qd2+ Ka4
59. Qc2+ 1-0

[Event "Open 13 2010/2011"]
[Site "Vitrolles"]
[Date "2011.02.12"]
[Round "6"]
[White "Flores, Adrian"]
[Black "Burmonas, Romain"]
[Result "1-0"]
[WhiteElo "1825"]
[BlackElo "1818"]
[PlyCount "43"]
[EventDate "2011.??.??"]

1. d4 d5 2. c4 c6 3. cxd5 cxd5 4. Nf3 Nc6 5. Nc3 Nf6 6. Bf4 e6 7. e3 Bb4 8. Bd3
O-O 9. O-O b6 10. Qa4 Bb7 11. Bb5 Bxc3 12. bxc3 Qc8 13. Rac1 a6 14. Bd3 Na5 15.
Qb4 Nd7 16. Ne5 Nxe5 17. Bxe5 Qc6 18. Qe7 Nc4 19. Qh4 h6 20. Bf6 e5 21. dxe5
Kh8 22. Qxh6+ 1-0

[Event "Open 13 2010/2011"]
[Site "Vitrolles"]
[Date "2011.02.12"]
[Round "6"]
[White "Miguel, Alain"]
[Black "Jean, Nicolas"]
[Result "1-0"]
[WhiteElo "1856"]
[BlackElo "1766"]
[PlyCount "75"]
[EventDate "2011.??.??"]

1. d4 Nf6 2. Nf3 e6 3. g3 b6 4. Bg2 Bb7 5. O-O Be7 6. c4 O-O 7. Nc3 Ne4 8. Qd3
Nxc3 9. Qxc3 d6 10. h4 Nd7 11. Bf4 h6 12. Rad1 f5 13. Qe3 Kf7 14. Bh3 Bxf3 15.
Qxf3 g5 16. Bc1 Rg8 17. Bg2 Rb8 18. d5 Ne5 19. dxe6+ Kg6 20. h5+ Kg7 21. Qxf5
Rf8 22. Qc2 Qe8 23. f4 Ng4 24. Qg6+ Qxg6 25. hxg6 Kxg6 26. f5+ Kg7 27. b3 Bf6
28. Bf3 Ne5 29. g4 Rh8 30. Rf2 Kf8 31. Rh2 Ke7 32. Kg2 Nxf3 33. exf3 Be5 34.
Rh3 Bg7 35. f4 gxf4 36. Bxf4 h5 37. Rdh1 hxg4 38. Bg5+ 1-0

[Event "Open 13 2010/2011"]
[Site "Vitrolles"]
[Date "2011.02.12"]
[Round "6"]
[White "Madranges, Jean"]
[Black "Noireaut, Hung"]
[Result "0-1"]
[WhiteElo "1771"]
[BlackElo "1799"]
[PlyCount "60"]
[EventDate "2011.??.??"]

1. d4 d5 2. Bf4 e6 3. e3 Nf6 4. Nd2 Bd6 5. Bg3 Nbd7 6. Ngf3 O-O 7. Bd3 Qe7 8.
Ne5 c5 9. c3 cxd4 10. exd4 Re8 11. f4 Nf8 12. O-O Ng6 13. h4 Kh8 14. h5 Nf8 15.
Bh4 N8d7 16. g4 Rf8 17. g5 Ne8 18. Bxh7 Qd8 19. Ndf3 Qb6 20. Bc2 Kg8 21. Nxd7
Bxd7 22. Qd3 f5 23. gxf6 Nxf6 24. Bxf6 Rxf6 25. Qh7+ Kf8 26. Qh8+ Ke7 27. Qxa8
Rf8 28. Qxf8+ Kxf8 29. Ne5 Be8 30. f5 Bxe5 0-1

[Event "Open 13 2010/2011"]
[Site "Vitrolles"]
[Date "2011.02.12"]
[Round "6"]
[White "Battaglia, Gerard"]
[Black "Parroco, Pierre-Jean"]
[Result "1-0"]
[WhiteElo "1888"]
[BlackElo "1694"]
[PlyCount "63"]
[EventDate "2011.??.??"]

1. d4 Nf6 2. c4 g6 3. Nc3 Bg7 4. e4 d6 5. f4 O-O 6. Be2 c6 7. e5 dxe5 8. fxe5
Ne8 9. Nf3 Nc7 10. Be3 e6 11. O-O Nd7 12. Qd2 b6 13. Rad1 Bb7 14. Ne4 Ne8 15.
c5 b5 16. Nfg5 Qe7 17. Nd6 Nxd6 18. cxd6 Qe8 19. Rde1 Rc8 20. Ne4 f5 21. Nc5
Nxc5 22. dxc5 Qd7 23. Bf4 g5 24. Bxg5 Bxe5 25. Be7 Rf7 26. Bh5 Bxh2+ 27. Kxh2
Rxe7 28. Rxf5 Rg7 29. Rf6 Rf8 30. Rfxe6 Qd8 31. Re7 Bc8 32. Qd4 1-0

[Event "Open 13 2010/2011"]
[Site "Vitrolles"]
[Date "2011.02.26"]
[Round "6"]
[White "Anton, Jose"]
[Black "Charvein, Gabriel"]
[Result "1-0"]
[WhiteElo "1879"]
[BlackElo "1672"]
[PlyCount "39"]
[EventDate "2011.??.??"]

1. e4 c5 2. d4 cxd4 3. c3 d5 4. exd5 Qxd5 5. cxd4 Nc6 6. Nf3 Bg4 7. Nc3 Bxf3 8.
gxf3 Qxd4 9. Qxd4 Nxd4 10. Nb5 Rd8 11. Nxd4 Rxd4 12. Be3 Rb4 13. O-O-O a6 14.
a3 Rh4 15. Bb6 f5 16. Rd8+ Kf7 17. Rb8 g6 18. Rxb7 Bg7 19. Bxa6 Nf6 20. Kb1 1-0

[Event "Open 13 2010/2011"]
[Site "Vitrolles"]
[Date "2011.02.12"]
[Round "6"]
[White "Kaser, Simon"]
[Black "Colandrea, Sauveur"]
[Result "1-0"]
[WhiteElo "1670"]
[BlackElo "1833"]
[PlyCount "55"]
[EventDate "2011.??.??"]

1. d4 Nf6 2. c4 g6 3. Nc3 d5 4. cxd5 Nxd5 5. e4 Nxc3 6. bxc3 Bg7 7. Bc4 c5 8.
Ne2 O-O 9. O-O cxd4 10. cxd4 Nc6 11. Be3 Na5 12. Bd3 Nc6 13. Bc2 Qc7 14. Rc1
Rd8 15. Bb3 Qb8 16. d5 Na5 17. Ba4 b5 18. Qd2 Nc4 19. Rxc4 bxc4 20. Bc6 c3 21.
Nxc3 Qb4 22. Rb1 Bxc3 23. Rxb4 Bxd2 24. Bxd2 Bd7 25. Bxa8 Rxa8 26. Rb7 Ba4 27.
h3 Kf8 28. Bb4 1-0

[Event "Open 13 2010/2011"]
[Site "Vitrolles"]
[Date "2011.02.12"]
[Round "6"]
[White "Saada, Claude"]
[Black "Figier, Anthony"]
[Result "1-0"]
[WhiteElo "1810"]
[BlackElo "1700"]
[PlyCount "133"]
[EventDate "2011.??.??"]

1. d4 d5 2. c4 c6 3. Nf3 Nf6 4. e3 e6 5. Bd3 Nbd7 6. O-O dxc4 7. Bxc4 b5 8. Bd3
Bb7 9. e4 h6 10. h3 a6 11. a3 c5 12. e5 Nd5 13. dxc5 Nxc5 14. Bc2 Qc7 15. Qe2
Rc8 16. Bd2 Nb6 17. Ba5 Ncd7 18. Be4 Bxe4 19. Qxe4 Qc6 20. Nbd2 Qxe4 21. Nxe4
Be7 22. Rac1 O-O 23. Nd6 Bxd6 24. exd6 Nc4 25. Bc3 Rc6 26. Bb4 Rcc8 27. b3 Ncb6
28. Nd4 Nd5 29. Nc6 f6 30. Rfd1 Kf7 31. Ba5 g5 32. Nb4 Nxb4 33. Bxb4 Rg8 34.
Rc7 Rxc7 35. dxc7 Nb6 36. Ba5 Nc8 37. Rd8 Re8 38. Bb4 e5 39. Rd7+ Ke6 40. Rh7
Nb6 41. Rxh6 Nd5 42. Ba5 Rc8 43. Rh7 Kd6 44. Rf7 Ke6 45. Rh7 Kd6 46. g3 Nxc7
47. Bxc7+ Rxc7 48. Rxc7 Kxc7 49. Kf1 Kd6 50. Ke2 Ke6 51. Ke3 f5 52. f3 Kd5 53.
f4 exf4+ 54. gxf4 g4 55. hxg4 fxg4 56. Kf2 b4 57. axb4 Ke4 58. Kg3 Kf5 59. b5
axb5 60. b4 Ke4 61. Kxg4 Kd4 62. Kg5 Kc4 63. f5 Kxb4 64. f6 Kb3 65. f7 b4 66.
f8=Q Kc3 67. Qc5+ 1-0

[Event "Open 13 2010/2011"]
[Site "Vitrolles"]
[Date "2011.02.12"]
[Round "6"]
[White "Urcun, Gael"]
[Black "Vallette, Patrick"]
[Result "0-1"]
[WhiteElo "1670"]
[BlackElo "1849"]
[PlyCount "62"]
[EventDate "2011.??.??"]

1. e4 e6 2. d3 d5 3. Nd2 c5 4. Ngf3 Nc6 5. g3 Nf6 6. Bg2 dxe4 7. dxe4 e5 8. O-O
Be7 9. c3 O-O 10. Qe2 Qc7 11. Nc4 h6 12. Ne3 Rd8 13. Nd2 Be6 14. a4 Na5 15. Nf5
Bf8 16. Qf3 Ne8 17. h4 Rd7 18. h5 Rad8 19. Qe2 Rxd2 20. Bxd2 Bc4 21. Qg4 Rxd2
22. Rfd1 Be2 23. Bf3 Rxd1+ 24. Rxd1 Bxd1 25. Bxd1 Nf6 26. Qf3 Qd7 27. b4 cxb4
28. cxb4 Nc4 29. Nxh6+ gxh6 30. Qxf6 Qxd1+ 31. Kg2 Qe2 0-1

[Event "Open 13 2010/2011"]
[Site "Vitrolles"]
[Date "2011.02.12"]
[Round "6"]
[White "Israel, Daniel"]
[Black "Corrias, Robert"]
[Result "1-0"]
[WhiteElo "1875"]
[BlackElo "1760"]
[PlyCount "101"]
[EventDate "2011.??.??"]

1. Nf3 Nf6 2. d4 c6 3. Bf4 d5 4. h3 Bf5 5. e3 e6 6. Bd3 Bg6 7. c3 Bd6 8. Bg5
Nbd7 9. Qc2 Bxd3 10. Qxd3 Qc7 11. Bxf6 Nxf6 12. Nbd2 O-O 13. O-O Rfd8 14. c4 e5
15. cxd5 Nxd5 16. Rfc1 Qe7 17. a3 Rd7 18. Ne4 Rad8 19. Nxd6 Rxd6 20. dxe5 R6d7
21. Qd4 a6 22. Qg4 Nc7 23. Rc4 Ne6 24. Nd4 c5 25. Nf5 Qf8 26. Nd6 b5 27. Rc2
Rxd6 28. exd6 Qxd6 29. Rac1 c4 30. a4 Nc5 31. axb5 axb5 32. Kf1 Nb3 33. Re1
Qd3+ 34. Rce2 b4 35. Kg1 c3 36. Qxb4 c2 37. Rxc2 Qxc2 38. Qb6 Rc8 39. Qb7 Na5
40. Qa6 Qc7 41. Ra1 Nc6 42. Rc1 g6 43. b4 Qa7 44. Rxc6 Qxa6 45. Rxa6 Rb8 46.
Ra4 Rb7 47. Kf1 Kg7 48. Ke2 Kf6 49. Kd3 Ke6 50. Kc4 Kd6 51. Ra6+ 1-0

[Event "Open 13 2010/2011"]
[Site "Vitrolles"]
[Date "2011.02.12"]
[Round "6"]
[White "Del Vecchio, Alain"]
[Black "Scamaroni, Jean-Paul"]
[Result "0-1"]
[WhiteElo "1800"]
[BlackElo "1656"]
[PlyCount "62"]
[EventDate "2011.??.??"]

1. e4 c5 2. Nc3 Nc6 3. g3 g6 4. Bg2 Bg7 5. d3 d6 6. Be3 e6 7. Qd2 a6 8. Nge2
Bd7 9. O-O Nge7 10. f4 f5 11. Kh1 O-O 12. d4 cxd4 13. Nxd4 Qc7 14. Rad1 Rad8
15. Rfe1 Nxd4 16. Bxd4 e5 17. Be3 Bc6 18. Qf2 Nc8 19. exf5 Bxg2+ 20. Qxg2 Rxf5
21. Nd5 Qc6 22. g4 Rf7 23. c3 Kh8 24. Rf1 Rdf8 25. Kg1 exf4 26. Rxf4 Rxf4 27.
Bxf4 Be5 28. Be3 Qd7 29. h3 Rf7 30. Qe4 Qb5 31. b3 Qe2 0-1

[Event "Open 13 2010/2011"]
[Site "Vitrolles"]
[Date "2011.02.12"]
[Round "6"]
[White "Mallan, Charles"]
[Black "Bertrand, Alexandre"]
[Result "1/2-1/2"]
[WhiteElo "1684"]
[BlackElo "1750"]
[PlyCount "69"]
[EventDate "2011.??.??"]

1. c4 e5 2. Nc3 Nf6 3. d3 Nc6 4. Bg5 h6 5. Bxf6 Qxf6 6. Nd5 Qd8 7. a3 d6 8. g3
Nd4 9. e3 Ne6 10. Ne2 c6 11. Ndc3 Be7 12. Bg2 O-O 13. O-O f5 14. b4 Bd7 15. b5
Bf6 16. Rb1 Qa5 17. Qc1 Rab8 18. a4 Qc7 19. Qc2 a6 20. bxc6 bxc6 21. f4 Rxb1
22. Rxb1 exf4 23. Nxf4 Nxf4 24. exf4 Rb8 25. Ne2 Rb7 26. d4 Qb8 27. Rxb7 Qxb7
28. d5 c5 29. Bh3 g6 30. g4 Kf7 31. gxf5 Bxf5 32. Bxf5 gxf5 33. Qxf5 Qb3 34.
Qe6+ Kg7 35. Qg4+ 1/2-1/2

[Event "Open 13 2010/2011"]
[Site "Vitrolles"]
[Date "2011.02.12"]
[Round "6"]
[White "Desmas, William"]
[Black "Jullien, Patrick"]
[Result "1/2-1/2"]
[WhiteElo "1716"]
[BlackElo "1703"]
[PlyCount "69"]
[EventDate "2011.??.??"]

1. d4 d5 2. c4 e6 3. Nc3 Nf6 4. Bg5 Be7 5. cxd5 exd5 6. e3 b6 7. Qc2 c6 8. Rb1
h6 9. Bh4 O-O 10. b4 Nbd7 11. Bd3 Bb7 12. Nge2 Rc8 13. O-O Qc7 14. Bg3 Bd6 15.
Qb3 Nh5 16. Bxd6 Qxd6 17. Rfc1 Nhf6 18. Qa4 Qb8 19. Ba6 b5 20. Qa5 Nb6 21. Bxb7
Qxb7 22. Nxb5 cxb5 23. Qxb5 Rxc1+ 24. Rxc1 Rc8 25. a4 Rxc1+ 26. Nxc1 Qd7 27.
Qxd7 Nbxd7 28. Kf1 Nb6 29. a5 Nc4 30. Ke2 Kf8 31. f3 Ke7 32. Kd3 Nb2+ 33. Kc2
Nc4 34. Kd3 Nb2+ 35. Kc2 1/2-1/2

[Event "Open 13 2010/2011"]
[Site "Vitrolles"]
[Date "2011.02.12"]
[Round "6"]
[White "Vialette, Eric"]
[Black "Estevez, Ange"]
[Result "1/2-1/2"]
[WhiteElo "1660"]
[BlackElo "1626"]
[PlyCount "54"]
[EventDate "2011.??.??"]

1. e4 e5 2. Nc3 Nc6 3. f4 d6 4. Nf3 Bg4 5. Bb5 a6 6. Bxc6+ bxc6 7. O-O h5 8. h3
Bxf3 9. Qxf3 f6 10. fxe5 dxe5 11. Ne2 Bc5+ 12. Kh1 Qd7 13. c3 O-O-O 14. b4 Ba7
15. c4 Bd4 16. Rb1 Ne7 17. Qa3 Kb7 18. Qb3 Ka7 19. Rf3 Rb8 20. Qc2 Rb7 21. Rd3
Rhb8 22. Qa4 Nc8 23. Bb2 Rxb4 24. Rxd4 Qe6 25. Qa3 Nd6 26. Qe3 Ka8 27. Qa3 Ka7
1/2-1/2

[Event "Open 13 2010/2011"]
[Site "Vitrolles"]
[Date "2011.02.12"]
[Round "6"]
[White "Dudognon, Thibault"]
[Black "Baquer, Marc"]
[Result "1-0"]
[WhiteElo "1687"]
[BlackElo "1814"]
[PlyCount "143"]
[EventDate "2011.??.??"]

1. e4 e6 2. d4 d5 3. Nd2 Nf6 4. e5 Nfd7 5. Bd3 c5 6. c3 Nc6 7. Ne2 cxd4 8. cxd4
f6 9. exf6 Nxf6 10. Nf3 Bd6 11. O-O O-O 12. Ng3 Qc7 13. Re1 e5 14. dxe5 Nxe5
15. Nxe5 Bxe5 16. Qb3 Kh8 17. Bd2 Bd6 18. Rac1 Qf7 19. Bb4 Bxb4 20. Qxb4 Be6
21. Qh4 Rac8 22. Rcd1 g6 23. Bxg6 Qxg6 24. Rxe6 Qf7 25. Re3 Qg6 26. Ne2 Qc2 27.
Re1 Rc4 28. Qh6 Rcc8 29. Re7 Qg6 30. Qxg6 hxg6 31. Nf4 Rg8 32. Rxb7 Rc2 33. Rf7
Re8 34. Rxe8+ Nxe8 35. h3 Kg8 36. Rxa7 d4 37. b4 g5 38. Nd3 Rc3 39. Ne5 d3 40.
Rd7 Rc1+ 41. Kh2 Rc2 42. Rxd3 Rxa2 43. Rd8 Kf8 44. Kg3 Ke7 45. Rb8 Nf6 46. b5
Ra3+ 47. Kh2 Ke6 48. Nc4 Rc3 49. Ne3 Rb3 50. b6 Nd7 51. Rb7 Nc5 52. Rh7 Nd7 53.
Nc4 Rb4 54. Rh6+ Kd5 55. Rd6+ Kxc4 56. Rxd7 Rxb6 57. Rg7 Rb5 58. Kg3 Kd4 59.
Kg4 Rb2 60. Rf7 Ke5 61. Kxg5 Ke6 62. Rf3 Rb5+ 63. Kg6 Rb8 64. Re3+ Kd5 65. g4
Rb6+ 66. Kf7 Rb7+ 67. Kg6 Rb6+ 68. Kh5 Rb8 69. g5 Rf8 70. g6 Rxf2 71. Rg3 Rf8
72. g7 1-0

[Event "Open 13 2010/2011"]
[Site "Vitrolles"]
[Date "2011.02.12"]
[Round "6"]
[White "Mosse, Laurent"]
[Black "Blanc, Michel"]
[Result "1-0"]
[WhiteElo "1811"]
[BlackElo "1669"]
[PlyCount "137"]
[EventDate "2011.??.??"]

1. e4 c6 2. d4 d5 3. Nc3 dxe4 4. Nxe4 Bf5 5. Ng3 Bg6 6. Nf3 Nd7 7. Bd3 e6 8. h4
Bxd3 9. Qxd3 h6 10. Bf4 Ngf6 11. O-O Be7 12. Qb3 Nd5 13. Ne2 Qb6 14. Qxb6 N5xb6
15. b3 O-O 16. c4 Bf6 17. Bd6 Rfe8 18. Rad1 Rac8 19. Rd3 e5 20. dxe5 Nxe5 21.
Bxe5 Bxe5 22. Ned4 Rcd8 23. Rfd1 g6 24. Kf1 Bf6 25. Nc2 Kf8 26. g4 Rxd3 27.
Rxd3 Rd8 28. Rxd8+ Bxd8 29. Ne3 Nd7 30. h5 Bb6 31. Nc2 gxh5 32. gxh5 Nf6 33.
Ne5 Bc7 34. Nd3 Bd6 35. Ne3 Bc7 36. Nf5 Nxh5 37. Nxh6 Kg7 38. Nf5+ Kf6 39. Nh4
b6 40. Ng2 Kf5 41. Ke2 Nf4+ 42. Ngxf4 Bxf4 43. Nb4 c5 44. Nc6 Ke4 45. f3+ Kf5
46. Nxa7 f6 47. Nc8 Bc7 48. Ne7+ Ke6 49. Nd5 Bd8 50. Kd3 Ke5 51. a3 f5 52. b4
cxb4 53. axb4 b5 54. f4+ Kd6 55. Nc3 bxc4+ 56. Kxc4 Kc6 57. b5+ Kb7 58. Nd5 Bh4
59. Kd4 Bg3 60. Ke5 Bxf4+ 61. Kxf4 Ka8 62. Kxf5 Kb7 63. Ke6 Kc8 64. Kd6 Kb7 65.
b6 Kb8 66. Kc6 Ka8 67. Nb4 Kb8 68. Na6+ Ka8 69. b7+ 1-0

[Event "Open 13 2010/2011"]
[Site "Vitrolles"]
[Date "2011.02.12"]
[Round "6"]
[White "Flores, Antonio"]
[Black "Solchaga, Jerome"]
[Result "1-0"]
[WhiteElo "1740"]
[BlackElo "1785"]
[PlyCount "33"]
[EventDate "2011.??.??"]

1. d4 Nf6 2. Nf3 e6 3. c4 c5 4. Nc3 cxd4 5. Nxd4 Nc6 6. Nf3 b6 7. e3 Bb7 8. a3
Be7 9. Bd3 O-O 10. h4 Rc8 11. Ne4 Na5 12. Nxf6+ Bxf6 13. Bxh7+ Kh8 14. Ng5 Nxc4
15. Qh5 Bxg5 16. hxg5 f6 17. Bg6+ 1-0

[Event "Open 13 2010/2011"]
[Site "Vitrolles"]
[Date "2011.03.12"]
[Round "7"]
[White "Miguel, Alain"]
[Black "Flores, Adrian"]
[Result "0-1"]
[WhiteElo "1856"]
[BlackElo "1825"]
[PlyCount "68"]
[EventDate "2011.??.??"]

1. d4 Nf6 2. Nf3 g6 3. g3 Bg7 4. Bg2 O-O 5. O-O d6 6. Re1 Re8 7. e4 Bg4 8. h3
Bxf3 9. Bxf3 e5 10. dxe5 dxe5 11. Qxd8 Rxd8 12. Nc3 c6 13. Be3 Nbd7 14. Na4 Bf8
15. c4 Ne8 16. Red1 Nc7 17. Rac1 Ne6 18. c5 Nf6 19. Kf1 Ne8 20. a3 N8c7 21. b4
Nb5 22. Rxd8 Rxd8 23. Nc3 Nxa3 24. Be2 Nd4 25. Ra1 Nac2 26. Rxa7 Rd7 27. b5
Bxc5 28. Ra8+ Kg7 29. bxc6 bxc6 30. Na4 Ba7 31. Bg4 Rb7 32. Bc8 Rb1+ 33. Kg2
Ne1+ 34. Kf1 Nef3+ 0-1

[Event "Open 13 2010/2011"]
[Site "Vitrolles"]
[Date "2011.03.12"]
[Round "7"]
[White "Noireaut, Hung"]
[Black "Burmonas, Romain"]
[Result "0-1"]
[WhiteElo "1799"]
[BlackElo "1818"]
[PlyCount "70"]
[EventDate "2011.??.??"]

1. e4 e5 2. Nf3 Nc6 3. d4 exd4 4. Nxd4 Bc5 5. Be3 Qf6 6. c3 d6 7. Qd2 Nge7 8.
Nb5 O-O 9. Nxc7 Rb8 10. Be2 Be6 11. Nxe6 Qxe6 12. Bxc5 dxc5 13. Qe3 Rfe8 14.
Nd2 Ng6 15. O-O Rbd8 16. Bc4 Qd6 17. Bd5 Nce7 18. c4 Nxd5 19. cxd5 f5 20. Nc4
Qc7 21. d6 Qf7 22. b3 Rxe4 23. Qxc5 Nf4 24. Qc7 Rd7 25. Qb8+ Re8 26. Qxa7 b5
27. Qa6 bxc4 28. bxc4 Qg6 29. g3 Rxd6 30. Qb7 Qg4 31. c5 Rh6 32. Qb3+ Kh8 33.
f3 Ne2+ 34. Kh1 Rxh2+ 35. Kxh2 Qxg3+ 0-1

[Event "Open 13 2010/2011"]
[Site "Vitrolles"]
[Date "2011.03.12"]
[Round "7"]
[White "Madranges, Jean"]
[Black "Battaglia, Gerard"]
[Result "1-0"]
[WhiteElo "1771"]
[BlackElo "1888"]
[PlyCount "81"]
[EventDate "2011.??.??"]

1. d4 Nf6 2. Nf3 g6 3. Nc3 d5 4. Bf4 Bg7 5. e3 O-O 6. Be2 a6 7. Ne5 Nbd7 8. h4
h6 9. g4 c6 10. g5 hxg5 11. hxg5 Ne4 12. Bd3 Nxe5 13. Bxe5 Nxg5 14. Bxg7 Kxg7
15. f4 Ne4 16. Nxe4 dxe4 17. Bxe4 Be6 18. Qf3 f5 19. Bd3 Qb6 20. O-O-O Rh8 21.
Qg3 Qa5 22. a3 Qd5 23. Rxh8 Rxh8 24. c4 Qd7 25. Rg1 Bf7 26. Qg5 Kf8 27. Qg2 Qe6
28. Re1 Qf6 29. Rh1 Rxh1+ 30. Qxh1 b5 31. cxb5 Bd5 32. Qh6+ Ke8 33. bxa6 c5 34.
dxc5 Kd7 35. Qh2 Qc6 36. Qc2 Kc7 37. b4 Qe6 38. Kd2 Bb3 39. Qc3 Ba4 40. Qe5+
Qxe5 41. fxe5 1-0

[Event "Open 13 2010/2011"]
[Site "Vitrolles"]
[Date "2011.03.12"]
[Round "7"]
[White "Kaser, Simon"]
[Black "Saada, Claude"]
[Result "1/2-1/2"]
[WhiteElo "1670"]
[BlackElo "1810"]
[PlyCount "108"]
[EventDate "2011.??.??"]

1. d4 Nf6 2. c4 e6 3. Nc3 Bb4 4. Qc2 d5 5. Bg5 h6 6. Bh4 c5 7. e3 Nc6 8. Nf3
cxd4 9. Nxd4 Nxd4 10. exd4 g5 11. Qa4+ Bd7 12. Qxb4 gxh4 13. cxd5 exd5 14. Bd3
Qe7+ 15. Qxe7+ Kxe7 16. Kd2 Rae8 17. Rae1+ Kd6 18. Be2 Ne4+ 19. Kc2 a6 20. f3
Nxc3 21. bxc3 Re3 22. Bd3 Rhe8 23. Rxe3 Rxe3 24. Kd2 Re8 25. Rb1 Bc6 26. c4
dxc4 27. Bxc4 Rg8 28. Bf1 Kd5 29. Kc3 Rg7 30. Rb2 f6 31. Bd3 Rc7 32. Bc4+ Kd6
33. Kd3 b5 34. Bb3 a5 35. d5 Be8 36. a3 Bf7 37. Ke4 Rc5 38. Kf5 Bxd5 39. Bxd5
Rxd5+ 40. Kxf6 Rg5 41. f4 Rd5 42. Kg6 Kc5 43. f5 b4 44. axb4+ axb4 45. f6 Kd6
46. Rxb4 Rg5+ 47. Kxh6 Rxg2 48. Rxh4 Ke6 49. Rf4 Kf7 50. Ra4 Rxh2+ 51. Kg5 Rg2+
52. Kf5 Rf2+ 53. Kg5 Rg2+ 54. Kf5 Rf2+ 1/2-1/2

[Event "Open 13 2010/2011"]
[Site "Vitrolles"]
[Date "2011.03.12"]
[Round "7"]
[White "Charvein, Gabriel"]
[Black "Jean, Nicolas"]
[Result "1-0"]
[WhiteElo "1672"]
[BlackElo "1766"]
[PlyCount "97"]
[EventDate "2011.??.??"]

1. d4 Nf6 2. Bg5 d5 3. Nf3 Bf5 4. e3 Nbd7 5. c4 e6 6. Nc3 c6 7. cxd5 exd5 8.
Ne5 Be7 9. Nxd7 Qxd7 10. Be2 h6 11. Bh4 Qe6 12. Qb3 O-O 13. h3 Ne4 14. Bxe7
Qxe7 15. Nxe4 Qxe4 16. Bf3 Qc2 17. Qxc2 Bxc2 18. Kd2 Be4 19. Bxe4 dxe4 20. Rac1
Rfd8 21. Rc5 f6 22. Rhc1 Rd6 23. b4 Rad8 24. a4 Kf7 25. R1c3 Ke7 26. Kc2 Ke6
27. Kb3 Rd5 28. Rc2 f5 29. b5 cxb5 30. axb5 R8d7 31. Kb4 f4 32. Rxd5 Rxd5 33.
Rc7 fxe3 34. fxe3 a6 35. bxa6 bxa6 36. Rxg7 Rb5+ 37. Kc4 Kf6 38. Rg4 Kf5 39.
Rf4+ Ke6 40. Rxe4+ Kd6 41. Rg4 Ra5 42. Rg6+ Kd7 43. Rxh6 Ra1 44. Kd5 a5 45.
Rh7+ Kd8 46. Kd6 Ke8 47. e4 a4 48. e5 Rb1 49. Rh8+ 1-0

[Event "Open 13 2010/2011"]
[Site "Vitrolles"]
[Date "2011.03.12"]
[Round "7"]
[White "Parroco, Pierre-Jean"]
[Black "Israel, Daniel"]
[Result "0-1"]
[WhiteElo "1694"]
[BlackElo "1875"]
[PlyCount "74"]
[EventDate "2011.??.??"]

1. e4 c5 2. Nc3 Nc6 3. g3 g6 4. Bg2 Bg7 5. d3 d6 6. Be3 Nf6 7. h3 e5 8. Qd2 a6
9. Bh6 O-O 10. Bxg7 Kxg7 11. Nge2 b5 12. f4 Nd4 13. Nxd4 cxd4 14. fxe5 dxe5 15.
Ne2 Bb7 16. O-O Rc8 17. Rac1 h6 18. Rfd1 Qb6 19. Kh2 Rcd8 20. Qe1 Nd7 21. c3
dxc3 22. bxc3 Qe3 23. Ng1 Qb6 24. d4 Rfe8 25. Qf2 Rf8 26. Rf1 Qc7 27. Qb2 Nb6
28. Qf2 f5 29. Qe2 f4 30. gxf4 exf4 31. Nf3 Nc4 32. Bh1 Rde8 33. e5 Ne3 34. Rg1
Qe7 35. Qd3 Rf5 36. Rxg6+ Kxg6 37. Nh4+ Qxh4 0-1

[Event "Open 13 2010/2011"]
[Site "Vitrolles"]
[Date "2011.03.12"]
[Round "7"]
[White "Figier, Anthony"]
[Black "Colandrea, Sauveur"]
[Result "1-0"]
[WhiteElo "1700"]
[BlackElo "1833"]
[PlyCount "65"]
[EventDate "2011.??.??"]

1. e4 d6 2. d4 Nf6 3. Nc3 Nbd7 4. Be3 e5 5. dxe5 dxe5 6. h3 Bb4 7. Bd3 c6 8.
Qd2 Qa5 9. Nge2 Nc5 10. Bxc5 Bxc5 11. O-O Be6 12. a3 Qc7 13. b4 Be7 14. f4 Rd8
15. Qe1 O-O 16. f5 Bc8 17. Bc4 a6 18. g4 c5 19. b5 Rd4 20. Nxd4 cxd4 21. Nd5
Nxd5 22. Bxd5 Bg5 23. Qe2 Qc3 24. Qd3 Be3+ 25. Kh1 Qc5 26. Qc4 Qe7 27. Rf3 Bd7
28. bxa6 bxa6 29. Qxa6 Rc8 30. f6 Qd8 31. fxg7 Bxg4 32. Rxf7 Qh4 33. Rc7+ 1-0